[Event "SC Hansa Dortmund 2 - SF Essen-Katernbe"]
[Site "Regionalliga 2018/2019"]
[Date "2019.03.03"]
[Round "8.6"]
[White "Zelt, Jens"]
[Black "Gorainow, Nikita"]
[Result "1-0"]
[WhiteElo "2087"]
[BlackElo "1935"]
[PlyCount "79"]
[EventDate "2019.??.??"]

1. d4 Nf6 2. Nf3 g6 3. c3 Bg7 4. Bf4 d6 5. h3 O-O 6. e3 Nbd7 7. Be2 c5 8. O-O
b6 9. Nbd2 Bb7 10. Qc2 Rc8 11. Rfd1 a6 12. a4 Qc7 13. Bh2 Rfe8 14. Qb3 Qb8 15.
Bc4 e6 16. Ne1 Bf8 17. Qc2 Qa8 18. Bd3 cxd4 19. exd4 Bd5 20. Nf1 e5 21. dxe5
dxe5 22. Ne3 Be6 23. Qe2 a5 24. Ba6 Rcd8 25. Bb5 Bc5 26. Nf3 Bb3 27. Rd2 e4 28.
Nd4 Bxd4 29. Rxd4 Qb7 30. Qd2 Be6 31. Rd1 Qc8 32. Be5 Nxe5 33. Rxd8 Rxd8 34.
Qxd8+ Qxd8 35. Rxd8+ Kg7 36. Rd6 Ned7 37. Bc4 Bf5 38. g4 Be6 39. Bxe6 fxe6 40.
g5 1-0

[Event "SC Hansa Dortmund 2 - SF Essen-Katernbe"]
[Site "Regionalliga 2018/2019"]
[Date "2019.03.03"]
[Round "8.7"]
[White "Schimnatkowski, Lukas"]
[Black "Zhang, Jingfu"]
[Result "1-0"]
[WhiteElo "2111"]
[BlackElo "1607"]
[Annotator "Daniel"]
[PlyCount "75"]
[EventDate "2019.??.??"]

1. c4 Nf6 2. g3 g6 3. Bg2 Bg7 4. Nc3 O-O 5. e4 e5 6. Nge2 d6 7. O-O Nc6 8. d3
Bg4 9. f3 Bd7 10. Be3 a6 11. d4 exd4 12. Nxd4 Ne5 13. b3 Re8 14. Kh1 Rb8 15. a4
Nc6 16. a5 Re5 17. Nd5 Nxd5 18. cxd5 Nxd4 19. Bxd4 Re8 $11 20. Rc1 Bb5 21. Re1
c5 22. dxc6 bxc6 23. Bb6 Qd7 24. Qd2 Qe6 25. f4 Rbc8 26. b4 Bf8 27. h4 f5 28.
Kh2 Qf7 29. Bh3 Rb8 30. exf5 gxf5 31. Qc2 Rxe1 32. Rxe1 Re8 33. Rxe8 Qxe8 34.
Qxf5 Qe2+ 35. Bg2 Bd3 36. Qc8 Be4 37. Qe6+ Kg7 38. Bd4# 1-0

[Event "SC Hansa Dortmund 2 - SF Essen-Katernbe"]
[Site "Regionalliga 2018/2019"]
[Date "2019.03.03"]
[Round "8.8"]
[White "Szenasi, Laszlo"]
[Black "Kudelka, Josua"]
[Result "1/2-1/2"]
[WhiteElo "1594"]
[BlackElo "1965"]
[PlyCount "81"]
[EventDate "2019.??.??"]

1. Nf3 Nf6 2. b3 g6 3. Bb2 Bg7 4. e3 c5 5. c4 Nc6 6. a3 O-O 7. Nc3 d5 8. cxd5
Nxd5 9. Qc2 Nxc3 10. Bxc3 e5 11. d3 Bf5 12. Rd1 Rc8 13. Be2 Nd4 14. Qb2 Nxe2
15. Qxe2 Re8 16. e4 Bd7 17. O-O b5 18. Qb2 Bg4 19. Qe2 Qf6 20. h3 Bxf3 21. Qxf3
Qxf3 22. gxf3 Red8 23. Rfe1 Rc6 24. Kf1 f6 25. Ke2 Bh6 26. Bd2 Bxd2 27. Rxd2
Kf7 28. Rc1 Ke6 29. Rdc2 Rdc8 30. Ke3 g5 31. a4 b4 32. h4 h5 33. Rh1 Rh8 34.
Rcc1 Rc7 35. Rcg1 Rg7 36. Rh2 a5 37. Rc1 Kd6 38. Rch1 Rgh7 39. Rg1 Rg7 40. Rgh1
Rgh7 41. Rg1 1/2-1/2

[Event "SG Bochum 2 - Oberhausener SV 2"]
[Site "Regionalliga 2018/2019"]
[Date "2019.03.03"]
[Round "8.1"]
[White "Krueger, AndrÃ©"]
[Black "Tkachuk, Konstantyn"]
[Result "0-1"]
[WhiteElo "1946"]
[BlackElo "2252"]
[Annotator "Daniel"]
[PlyCount "100"]
[EventDate "2019.??.??"]

1. Nf3 Nf6 2. c4 g6 3. b3 Bg7 4. Bb2 O-O 5. g3 d6 6. d4 c5 7. dxc5 Qa5+ 8. Qd2
Qxc5 9. Nc3 Nc6 10. Bg2 Bf5 11. O-O Rfd8 12. Na4 Qa5 13. Qxa5 Nxa5 14. Bc3 Nc6
15. Nd4 Be4 16. Nxc6 Bxc6 17. Bxc6 bxc6 18. Rac1 Rab8 19. Rc2 Nd7 20. Bxg7 Kxg7
21. Rd1 Rb4 22. e4 c5 23. f4 f6 24. Kf2 Rdb8 25. Nc3 Kf7 26. h4 $11 Rg8 27. Rh1
Rbb8 28. Ke3 f5 29. Rd2 Nf6 30. Kf3 Nxe4 31. Nxe4 fxe4+ 32. Kxe4 a5 33. Re1 a4
34. Rd3 Rb4 35. Kf3 Rgb8 36. Ree3 axb3 37. axb3 Ra8 38. Rd2 Ra3 39. Rdd3 Ra1
40. Ke2 Rb7 41. Rd1 Rba7 42. Rxa1 Rxa1 43. Kf3 h5 44. Rd3 Kf6 45. Ke3 Rb1 46.
Kd2 Kf5 47. Rd5+ Ke4 48. Kc2 Rg1 49. Rg5 Rg2+ 50. Kb1 Kd3 0-1

[Event "SG Bochum 2 - Oberhausener SV 2"]
[Site "Regionalliga 2018/2019"]
[Date "2019.03.03"]
[Round "8.3"]
[White "Weyh, Thomas"]
[Black "Tkachuk, Sergij"]
[Result "0-1"]
[WhiteElo "2004"]
[BlackElo "2208"]
[PlyCount "42"]
[EventDate "2019.??.??"]

1. d4 c5 2. d5 e5 3. e4 d6 4. Bb5+ Nd7 5. a4 a6 6. Be2 g6 7. Nf3 Bg7 8. Bg5 f6
9. Be3 Ne7 10. h3 f5 11. Nc3 Nf6 12. Qc1 fxe4 13. Ng5 h6 14. Ngxe4 Nxe4 15.
Nxe4 Nf5 16. O-O O-O 17. g4 Nd4 18. Bxd4 exd4 19. Ra3 Qe7 20. Bd3 c4 21. Nxd6
cxd3 0-1

[Event "SG Bochum 2 - Oberhausener SV 2"]
[Site "Regionalliga 2018/2019"]
[Date "2019.03.03"]
[Round "8.4"]
[White "Stricker, Florian"]
[Black "GroÃŸ, Thomas"]
[Result "1/2-1/2"]
[WhiteElo "2070"]
[BlackElo "1986"]
[PlyCount "137"]
[EventDate "2019.??.??"]

1. c4 e5 2. g3 Nc6 3. Bg2 f5 4. Nc3 Nf6 5. Rb1 Bc5 6. e3 d5 7. cxd5 Nb4 8. d3
Nfxd5 9. Nxd5 Nxd5 10. a3 a5 11. Ne2 O-O 12. O-O Kh8 13. d4 exd4 14. Nxd4 a4
15. Nb3 axb3 16. Qxd5 Qe7 17. Qxb3 Be6 18. Qc2 Bd6 19. Re1 c6 20. b4 Be5 21.
Bb2 Qf6 22. Bxe5 Qxe5 23. a4 Rfd8 24. Red1 h6 25. b5 Bd5 26. bxc6 bxc6 27. Bxd5
cxd5 28. Rb5 Rac8 29. Qa2 Qe4 30. Rbxd5 Rxd5 31. Qxd5 Qxa4 32. Rd4 Qa8 33. Qxa8
Rxa8 34. Rd5 g6 35. Rd7 h5 36. Kg2 Ra2 37. h4 Kg8 38. Kf3 Kf8 39. Rb7 Kg8 40.
Rb4 Kg7 41. Rb7+ Kg8 42. Rb6 Kf7 43. Rc6 Rb2 44. Rc4 Ra2 45. e4 fxe4+ 46. Rxe4
Kf6 47. Ke3 Kf5 48. Rd4 Ke5 49. Rd3 Rb2 50. Ra3 Kf5 51. f3 Rb4 52. Ra5+ Kf6 53.
Rd5 Ra4 54. Rd4 Ra5 55. Rb4 Re5+ 56. Kd4 Re1 57. Kd5 Rg1 58. g4 hxg4 59. fxg4
Rd1+ 60. Rd4 Rh1 61. Rf4+ Kg7 62. g5 Re1 63. Re4 Rd1+ 64. Ke6 Rd2 65. Ke7 Rd1
66. Ke8 Rd2 67. Re7+ Kg8 68. Rd7 Re2+ 69. Re7 1/2-1/2

[Event "SG Bochum 2 - Oberhausener SV 2"]
[Site "Regionalliga 2018/2019"]
[Date "2019.03.03"]
[Round "8.5"]
[White "Stefaniak, Christian"]
[Black "Mazarov, Juergen"]
[Result "1/2-1/2"]
[WhiteElo "1899"]
[BlackElo "2057"]
[PlyCount "95"]
[EventDate "2019.??.??"]

1. e4 c5 2. Nf3 d6 3. c3 Nf6 4. Bc4 e6 5. Qe2 Be7 6. O-O O-O 7. d4 cxd4 8. cxd4
Nxe4 9. Qxe4 d5 10. Qd3 dxc4 11. Qxc4 a6 12. Rd1 b5 13. Qd3 Bb7 14. Bf4 Nd7 15.
Nc3 Nf6 16. a3 Rc8 17. h3 Nd5 18. Bd2 Nxc3 19. Bxc3 Qd5 20. Qe2 Bf6 21. Rd2
Rfd8 22. Qf1 h6 23. Rdd1 Be7 24. Ne1 Bd6 25. Nc2 Bb8 26. Ne3 Qd6 27. g3 Qc6 28.
Kh2 Qf3 29. Ng2 Rd5 30. Rd3 Qh5 31. f4 Rdd8 32. Qd1 Qd5 33. Qe2 Bc7 34. Rf1 a5
35. Rf2 Rb8 36. Qd2 a4 37. Ba5 Rbc8 38. Bc3 Bb6 39. Qd1 Qe4 40. Re3 Qc6 41. Rd3
Qc7 42. Qe1 Rd7 43. Qe3 Rcd8 44. Rd1 Bd5 45. Rfd2 Bb3 46. Re1 Qa7 47. Ree2 Qc7
48. Nh4 1/2-1/2

[Event "SG Bochum 2 - Oberhausener SV 2"]
[Site "Regionalliga 2018/2019"]
[Date "2019.03.03"]
[Round "8.6"]
[White "Zeldin, Vitali"]
[Black "Seibert, Michael"]
[Result "0-1"]
[WhiteElo "1979"]
[BlackElo "1936"]
[PlyCount "102"]
[EventDate "2019.??.??"]

1. e4 c5 2. Nf3 g6 3. c3 d5 4. e5 Bg4 5. h3 Bxf3 6. Qxf3 Nc6 7. Bb5 Bg7 8.
Bxc6+ bxc6 9. d4 e6 10. O-O cxd4 11. cxd4 Qb6 12. Qc3 Ne7 13. Nd2 Rc8 14. Nb3
c5 15. Nxc5 Bxe5 16. dxe5 Qxc5 17. Qxc5 Rxc5 18. Be3 Ra5 19. Rfc1 Kd7 20. a4 d4
21. Bxd4 Nc6 22. Bc3 Rd5 23. f4 Rb8 24. Kf2 Nb4 25. Kf3 h5 26. g3 Rd3+ 27. Kg2
Nd5 28. Ra2 h4 29. Be1 hxg3 30. Bxg3 Rd2+ 31. Kg1 Rb3 32. Be1 Re2 33. Kf1 Nxf4
34. Bc3 Rh2 35. Rd1+ Ke8 36. Raa1 Rxh3 37. a5 Nd5 38. Bd4 Ne3+ 39. Bxe3 Rhxe3
40. Rac1 Rxe5 41. Rc8+ Ke7 42. Rc7+ Kf6 43. Rxa7 Rxb2 44. a6 Rh5 45. Kg1 Rg5+
46. Kf1 Rf5+ 47. Kg1 Rb4 48. Kg2 Rg4+ 49. Kh3 Kg5 50. Ra1 Rf3+ 51. Kh2 Kh4 0-1

[Event "SG Bochum 2 - Oberhausener SV 2"]
[Site "Regionalliga 2018/2019"]
[Date "2019.03.03"]
[Round "8.7"]
[White "Hombrecher, Kai"]
[Black "Finke, Dominik"]
[Result "1-0"]
[WhiteElo "1804"]
[BlackElo "1999"]
[PlyCount "67"]
[EventDate "2019.??.??"]

1. Nf3 Nf6 2. g3 g6 3. b3 Bg7 4. Bb2 d5 5. Bg2 O-O 6. O-O c5 7. c4 d4 8. b4 Nc6
9. bxc5 e5 10. d3 Nd7 11. Nbd2 f5 12. Nb3 Re8 13. e3 dxe3 14. fxe3 Na5 15. Nxa5
Qxa5 16. Ng5 Nxc5 17. d4 Ne6 18. Nxe6 Bxe6 19. d5 Bd7 20. e4 Qc5+ 21. Kh1 Qxc4
22. exf5 Bxf5 23. d6 Be4 24. Qd2 Rad8 25. Ba3 Rd7 26. Rac1 Bxg2+ 27. Qxg2 Qe6
28. Rc7 e4 29. Qc2 Be5 30. Qxe4 Rxc7 31. dxc7 Qc6 32. Qxc6 bxc6 33. Re1 Kf7 34.
Rxe5 1-0

[Event "SG Bochum 2 - Oberhausener SV 2"]
[Site "Regionalliga 2018/2019"]
[Date "2019.03.03"]
[Round "8.8"]
[White "Pilat, Fabian"]
[Black "Kuerschners, Stefan"]
[Result "0-1"]
[WhiteElo "1928"]
[BlackElo "1962"]
[PlyCount "72"]
[EventDate "2019.??.??"]

1. d4 d5 2. Nf3 Nf6 3. e3 c6 4. Bd3 Bg4 5. Nbd2 Nbd7 6. c4 e6 7. Qc2 Bd6 8. b3
Qe7 9. O-O Bh5 10. Bb2 Bg6 11. Ne5 Bxe5 12. dxe5 Ng4 13. Nf3 O-O-O 14. h3 Bxd3
15. Qxd3 h5 16. cxd5 exd5 17. Qd4 c5 18. Rac1 Nh6 19. b4 g5 20. bxc5 g4 21. c6
Nb6 22. Nh2 gxh3 23. Qc3 Rhg8 24. g3 Nc4 25. cxb7+ Qxb7 26. Qd4 Ng4 27. e4 Kb8
28. exd5 Ngxe5 29. Qf4 Qxd5 30. Bxe5+ Nxe5 31. f3 Qd4+ 32. Kh1 Qxf4 33. gxf4
Nd3 34. Rc4 Rg2 35. Rb1+ Ka8 36. a4 Nf2# 0-1

[Event "SV Welper 1 - SV Wattenscheid 2"]
[Site "Regionalliga 2018/2019"]
[Date "2019.03.03"]
[Round "8.1"]
[White "Buchenthal, Dieter"]
[Black "Fuellgrabe, Thomas"]
[Result "0-1"]
[WhiteElo "2111"]
[BlackElo "2232"]
[PlyCount "114"]
[EventDate "2019.??.??"]

1. c4 e6 2. b3 d5 3. Bb2 Nf6 4. e3 c5 5. Nf3 Nc6 6. d3 d4 7. exd4 cxd4 8. Be2
e5 9. O-O Bd6 10. Nbd2 O-O 11. Ne1 Bf5 12. Bf3 Re8 13. Qe2 Qd7 14. a3 a5 15.
Kh1 Rab8 16. Rc1 Qe7 17. Nc2 Nd7 18. Ne4 Bxe4 19. Bxe4 Nc5 20. Na1 Nxe4 21.
Qxe4 Bxa3 22. Bxa3 Qxa3 23. c5 Qb4 24. Rc2 Re6 25. g3 Qb5 26. Rc4 Rd8 27. Rb1
Nb4 28. Nc2 Nd5 29. Na3 Qd7 30. Re1 Nc3 31. Qg2 f6 32. Nb1 Nxb1 33. Rxb1 Qd5
34. Ra1 Ra6 35. Qxd5+ Rxd5 36. b4 axb4 37. Rxa6 bxa6 38. c6 Rd8 39. Rxb4 Rc8
40. Rb6 a5 41. Kg2 Kf7 42. Kf3 Ke6 43. Ra6 h5 44. h3 a4 45. Ke2 Kd6 46. Rxa4
Rxc6 47. Kd2 Ke6 48. Ra7 g6 49. Ra5 Kf5 50. Ra2 Rc7 51. Ra6 h4 52. g4+ Kg5 53.
Rd6 Ra7 54. f4+ Kxf4 55. Rxf6+ Kg3 56. Rxg6 Kxh3 57. g5 Kg2 0-1

[Event "SV Welper 1 - SV Wattenscheid 2"]
[Site "Regionalliga 2018/2019"]
[Date "2019.03.03"]
[Round "8.2"]
[White "Kemna, Guido"]
[Black "Koehn, Peter"]
[Result "1-0"]
[WhiteElo "2138"]
[BlackElo "2137"]
[PlyCount "93"]
[EventDate "2019.??.??"]

1. e4 g6 2. d4 Bg7 3. f4 d6 4. Nf3 Nf6 5. Nc3 O-O 6. Bd3 Na6 7. e5 Nd7 8. O-O
c5 9. exd6 cxd4 10. dxe7 Qxe7 11. Nb5 Nb4 12. Nbxd4 Nxd3 13. Qxd3 Nc5 14. Qe3
Qd8 15. Re1 Bd7 16. Nb3 Na4 17. c3 Re8 18. Qf2 Rxe1+ 19. Qxe1 Qc7 20. Nbd4 Re8
21. Qd1 Nb6 22. Bd2 Nc4 23. Rb1 Re4 24. f5 gxf5 25. Be1 Qb6 26. Bf2 Qg6 27. Ne2
Bc6 28. Ng3 Bf6 29. Nxe4 fxe4 30. Ne1 e3 31. Bg3 Nd2 32. Rc1 Bg5 33. Qe2 h5 34.
Nd3 Bb5 35. c4 Bxc4 36. Rxc4 Nxc4 37. Be1 Nd2 38. h4 Bh6 39. b3 Qf5 40. Bg3 Qe4
41. Kh2 Kg7 42. Nc5 Qb1 43. Be5+ Kg6 44. g4 hxg4 45. Qxg4+ Kh7 46. Nd7 Ne4 47.
Qf5+ 1-0

[Event "SV Welper 1 - SV Wattenscheid 2"]
[Site "Regionalliga 2018/2019"]
[Date "2019.03.03"]
[Round "8.3"]
[White "Gohla, Ulf"]
[Black "Sohlmann, Jan-Henning"]
[Result "0-1"]
[WhiteElo "2165"]
[BlackElo "2185"]
[PlyCount "41"]
[EventDate "2019.??.??"]

1. d4 Nf6 2. c4 d6 3. Nc3 e5 4. dxe5 dxe5 5. Qxd8+ Kxd8 6. Bg5 Be6 7. O-O-O+
Kc8 8. Bxf6 gxf6 9. e3 a5 10. Nf3 Nd7 11. Na4 Ra6 12. Kb1 Bf5+ 13. Kc1 Bb4 14.
Nd2 Rc6 15. a3 Bxd2+ 16. Kxd2 Rd8 17. Ke1 Bc2 18. Rd3 Bxa4 19. b3 e4 20. Rxd7
Rxd7 21. bxa4 0-1

[Event "SV Welper 1 - SV Wattenscheid 2"]
[Site "Regionalliga 2018/2019"]
[Date "2019.03.03"]
[Round "8.4"]
[White "Linde, Wolfgang"]
[Black "Schlange, Stefan"]
[Result "1/2-1/2"]
[WhiteElo "2149"]
[BlackElo "2070"]
[PlyCount "45"]
[EventDate "2019.??.??"]

1. e4 e5 2. Nf3 Nc6 3. Bb5 f5 4. d3 fxe4 5. dxe4 Nf6 6. O-O Bc5 7. Bxc6 bxc6 8.
Nxe5 O-O 9. Nc3 d6 10. Na4 Nxe4 11. Nxc5 Nxc5 12. Nxc6 Qe8 13. Nd4 Qg6 14. f3
Bh3 15. Qd2 h6 16. b4 Ne6 17. Nxe6 Bxe6 18. Bb2 Rae8 19. Qd4 c5 20. Qxd6 cxb4
21. Rae1 Bf7 22. Qxb4 Rb8 23. Qd4 1/2-1/2

[Event "SV Welper 1 - SV Wattenscheid 2"]
[Site "Regionalliga 2018/2019"]
[Date "2019.03.03"]
[Round "8.5"]
[White "Schmedders, Hans-Gerd"]
[Black "Adiyaman, Rene"]
[Result "1-0"]
[WhiteElo "2050"]
[BlackElo "2171"]
[Annotator "Daniel"]
[PlyCount "79"]
[EventDate "2019.??.??"]

1. g4 d5 2. Bg2 e5 3. d4 e4 4. c4 c6 5. h3 g6 6. Nc3 Bg7 7. Bf4 Ne7 8. e3 O-O
9. Nge2 a6 10. c5 Nd7 11. Na4 b5 12. cxb6 Nxb6 13. Nxb6 Qxb6 14. Bd6 Bf6 15.
Qd2 Bh4 16. O-O f5 17. f3 exf3 18. Bxf3 Rf7 19. Nf4 Bd7 20. Nd3 fxg4 21. hxg4
Nc8 22. Bc5 Qd8 23. Ne5 Rf6 24. Qg2 Bg5 25. Bxd5+ Kg7 26. Rae1 cxd5 27. Qxd5
Bb5 28. Qb7+ Kg8 $11 29. Rxf6 Qxf6 30. Qxa8 Bxe3+ 31. Kg2 Qf2+ 32. Kh3 Bf1+ 33.
Rxf1 Qxf1+ 34. Qg2 Qxg2+ 35. Kxg2 Kg7 36. Kf3 Bc1 37. b4 Ba3 38. Nd7 Kf7 39.
Nb8 a5 40. b5 1-0

[Event "SV Welper 1 - SV Wattenscheid 2"]
[Site "Regionalliga 2018/2019"]
[Date "2019.03.03"]
[Round "8.6"]
[White "Conrad, Joachim"]
[Black "VoÃŸ, Wieland"]
[Result "1/2-1/2"]
[WhiteElo "1998"]
[BlackElo "2115"]
[Annotator "Daniel"]
[PlyCount "105"]
[EventDate "2019.??.??"]

1. d4 Nf6 2. Bg5 Ne4 3. Bf4 c5 4. f3 Qa5+ 5. c3 Nf6 6. d5 d6 7. e4 b5 8. Nd2
Bd7 9. Nh3 g6 10. Be2 Bg7 11. O-O O-O 12. a4 bxa4 13. Nc4 Qd8 14. Nf2 Bb5 15.
Na3 Bxe2 16. Qxe2 Nbd7 17. Nc4 Nb6 18. Rfd1 Qd7 19. Na3 Qb7 20. Rd2 Rfe8 21.
Nd1 Rab8 22. Ne3 Nh5 23. Bg3 Bh6 24. Rc2 Nxg3 25. hxg3 Bxe3+ 26. Qxe3 Nd7 27.
Kf2 Qa6 28. Qe2 Qxe2+ 29. Rxe2 Ne5 30. Ke3 Rb3 31. f4 Nd7 32. Nc4 Nb6 33. Nxb6
axb6 34. Rxa4 $11 b5 35. Ra6 b4 36. Kd3 bxc3 37. bxc3 Rd8 38. Kc4 Rb7 39. e5
Kf8 40. exd6 exd6 $11 41. Rea2 Ke7 42. Ra7 Rdd7 43. Re2+ Kf6 44. Rxb7 Rxb7 45.
g4 h5 46. gxh5 gxh5 47. g3 Kf5 48. Re8 h4 49. gxh4 Kxf4 50. Rd8 Ke5 51. Re8+
Kf6 52. Re1 Kg6 53. Rf1 1/2-1/2

[Event "SV Welper 1 - SV Wattenscheid 2"]
[Site "Regionalliga 2018/2019"]
[Date "2019.03.03"]
[Round "8.7"]
[White "Leveikina, Jevgenija"]
[Black "Schaller, Torsten"]
[Result "1-0"]
[WhiteElo "2032"]
[BlackElo "1951"]
[Annotator "Daniel"]
[PlyCount "99"]
[EventDate "2019.??.??"]

1. d4 d5 2. Nf3 Nf6 3. c4 c6 4. Nbd2 e6 5. Qc2 Nbd7 6. e4 dxe4 7. Nxe4 Nxe4 8.
Qxe4 Bb4+ 9. Bd2 Qa5 10. a3 Bxd2+ 11. Nxd2 O-O 12. O-O-O Nf6 13. Qe3 e5 14.
Qxe5 Qxe5 15. dxe5 Ng4 16. Ne4 Nxe5 17. h3 Be6 18. Nd6 b5 19. cxb5 Bd5 20. f4
Ng6 21. bxc6 Bxc6 22. f5 Ne7 23. Bc4 Nc8 $11 24. Nxf7 Nb6 25. Ne5+ Nxc4 26.
Nxc6 Ne3 27. Rd3 Nxf5 28. Rc3 Rfe8 29. Rf1 Ne3 30. Rf2 Nd5 31. Rc5 Nf6 32. Rf1
Re2 33. g4 h6 34. Nd4 Rh2 35. Nf5 Rxh3 36. Rc7 Ne8 37. Rb7 Rc8+ 38. Kb1 Kh7 39.
Rxa7 Rh2 40. Rc1 Rb8 41. Rc2 Rh1+ 42. Ka2 Rg1 43. Rh2 Kh8 44. Nxg7 Rxg4 45.
Nxe8 Rxe8 46. Rxh6+ Kg8 47. Rha6 Kf8 48. Ra8 Rxa8 49. Rxa8+ Ke7 50. Rc8 1-0

[Event "SV Welper 1 - SV Wattenscheid 2"]
[Site "Regionalliga 2018/2019"]
[Date "2019.03.03"]
[Round "8.8"]
[White "Olf, Hans-Helmut"]
[Black "Thelen, Thomas"]
[Result "1/2-1/2"]
[WhiteElo "1998"]
[BlackElo "1979"]
[PlyCount "163"]
[EventDate "2019.??.??"]

1. Nf3 c5 2. c4 b6 3. d4 cxd4 4. Nxd4 Bb7 5. Nc3 Nf6 6. Bg5 e6 7. a3 a6 8. e4
d6 9. f3 Be7 10. Qa4+ Nfd7 11. Be3 O-O 12. Be2 Qc7 13. O-O Nc6 14. Nxc6 Bxc6
15. Qd1 Bb7 16. Rc1 Rac8 17. b4 Rfe8 18. Qd2 Qb8 19. Rfd1 h5 20. h3 Qc7 21. f4
Nf6 22. Bd3 Bf8 23. Qf2 Nd7 24. Na4 f5 25. Nxb6 Nxb6 26. Bxb6 Qc6 27. exf5 Be7
28. Rc2 Qa4 29. Bd4 exf5 30. Bxf5 Rc7 31. Bb6 Bc8 32. Bg6 Rxc4 33. Rxc4 Qxd1+
34. Qf1 Qxf1+ 35. Kxf1 Rf8 36. Bxh5 a5 37. Re4 Bg5 38. Bxa5 Bxf4 39. Kg1 Bd7
40. Re1 Bd2 41. Rd1 Be3+ 42. Kh2 Ba4 43. Re1 Bd2 44. Re4 Rf1 45. Bb6 Bc6 46.
Be2 Bf4+ 47. g3 Rc1 48. Bc4+ Kh8 49. gxf4 Bxe4 50. Bb5 Rc2+ 51. Kg3 Rc3+ 52.
Kh4 Rxa3 53. Bc7 Kh7 54. Bxd6 Kh6 55. Be2 Bf5 56. Bg4 Kg6 57. Bh5+ Kf6 58. Be5+
Ke6 59. Bg4 g6 60. Bd4 Kd5 61. Bc5 Ke4 62. Bd6 Ra6 63. Be5 Rb6 64. Kg5 Rxb4 65.
Bxf5+ gxf5 66. h4 Rb1 67. h5 Rg1+ 68. Kf6 Rh1 69. Kg6 Rg1+ 70. Kh7 Kd5 71. h6
Ke6 72. Bg7 Kf7 73. Be5 Rg4 74. Bc7 Rg8 75. Be5 Rd8 76. Bc7 Rg8 77. Be5 Rg6 78.
Bg7 Re6 79. Be5 Re7 80. Bd6 Rd7 81. Be5 Rb7 82. Bd4 1/2-1/2

[Event "SV Bochum-Linden 1 - SV Bottrop 1"]
[Site "Verbandsliga - Gruppe 1 2018/"]
[Date "2019.03.24"]
[Round "8.1"]
[White "Stadtmann, Jens"]
[Black "Hahn, Matthias"]
[Result "1/2-1/2"]
[WhiteElo "2132"]
[BlackElo "2052"]
[PlyCount "38"]
[EventDate "2019.??.??"]

1. c4 e6 2. d4 d5 3. e3 Nf6 4. Nf3 Be7 5. Nc3 O-O 6. a3 b6 7. cxd5 Nxd5 8. Bd3
Ba6 9. e4 Nxc3 10. bxc3 c5 11. Bxa6 Nxa6 12. O-O cxd4 13. cxd4 Qc8 14. Qe2 Qb7
15. Bg5 Bxg5 16. Nxg5 h6 17. Nf3 Rfd8 18. Rfc1 Rac8 19. h3 Nb8 1/2-1/2

[Event "SV Bochum-Linden 1 - SV Bottrop 1"]
[Site "Verbandsliga - Gruppe 1 2018/"]
[Date "2019.03.24"]
[Round "8.2"]
[White "Schreck, Roland"]
[Black "Boehm, Joachim"]
[Result "0-1"]
[WhiteElo "2123"]
[BlackElo "2172"]
[PlyCount "82"]
[EventDate "2019.??.??"]

1. g3 e5 2. Bg2 d5 3. d3 Nf6 4. Nf3 Bd6 5. O-O O-O 6. Nc3 c6 7. e4 Nbd7 8. Nh4
Nb6 9. a4 Bg4 10. f3 Be6 11. a5 Nc8 12. Kh1 a6 13. exd5 Nxd5 14. Nxd5 Bxd5 15.
Nf5 Bc7 16. b4 Qd7 17. Ne3 Be6 18. Bb2 Ne7 19. Qe1 Rae8 20. Rd1 Nd5 21. Nxd5
Bxd5 22. c4 Be6 23. Qc3 f6 24. Rf2 Rd8 25. Rfd2 Qf7 26. b5 cxb5 27. cxb5 axb5
28. Ba3 Rfe8 29. Rb1 Qd7 30. Qb4 Ra8 31. Qxb5 Qxb5 32. Rxb5 Rxa5 33. Rxa5 Bxa5
34. Rb2 b6 35. f4 exf4 36. gxf4 Rd8 37. Re2 Rxd3 38. Rxe6 Rd1+ 39. Bf1 Rxf1+
40. Kg2 Rxf4 41. Re8+ Kf7 0-1

[Event "SV Bochum-Linden 1 - SV Bottrop 1"]
[Site "Verbandsliga - Gruppe 1 2018/"]
[Date "2019.03.24"]
[Round "8.3"]
[White "Mohrholz, Uwe"]
[Black "Schaper, Steffen"]
[Result "1-0"]
[WhiteElo "1977"]
[BlackElo "1995"]
[PlyCount "73"]
[EventDate "2019.??.??"]

1. e4 c5 2. Nc3 g6 3. g3 Bg7 4. Bg2 Nc6 5. Nd5 e6 6. Ne3 Nge7 7. f4 d5 8. e5 h5
9. Nf3 Nf5 10. Nxf5 gxf5 11. Qe2 Bd7 12. d3 Qe7 13. Be3 f6 14. Nh4 Qf7 15. Bxc5
fxe5 16. fxe5 Bxe5 17. d4 Bg7 18. c3 O-O-O 19. O-O Kb8 20. b4 Bf6 21. Bd6+ Ka8
22. b5 Nxd4 23. cxd4 Bxd4+ 24. Kh1 Bxa1 25. Rxa1 Bxb5 26. Qb2 Rhg8 27. Be5 Bc6
28. Nf3 Rc8 29. a4 Rg4 30. Bf4 Qe8 31. a5 Bb5 32. Rb1 a6 33. Ne5 Rg8 34. Qd4
Rc2 35. Be3 Kb8 36. Qa7+ Kc8 37. Bb6 1-0

[Event "SV Bochum-Linden 1 - SV Bottrop 1"]
[Site "Verbandsliga - Gruppe 1 2018/"]
[Date "2019.03.24"]
[Round "8.4"]
[White "Boehm, Ingo"]
[Black "Nowak, Steven"]
[Result "1/2-1/2"]
[WhiteElo "2035"]
[BlackElo "1911"]
[PlyCount "57"]
[EventDate "2019.??.??"]

1. e4 e6 2. d4 d5 3. Nd2 dxe4 4. Nxe4 Bd7 5. Nf3 Bc6 6. Nc3 Bxf3 7. Qxf3 c6 8.
Be3 Nf6 9. Be2 Nbd7 10. O-O Bd6 11. Bf4 Qe7 12. Bxd6 Qxd6 13. Rfd1 O-O 14. a3
a5 15. Ne4 Nxe4 16. Qxe4 Nf6 17. Qh4 Rfd8 18. Rd3 e5 19. Rad1 e4 20. Rg3 Kh8
21. Qg5 Qf8 22. c4 h6 23. Qd2 Rd7 24. Re3 Rad8 25. Qxa5 Rxd4 26. Rxd4 Rxd4 27.
h3 Qe7 28. Rb3 Rd7 29. Qb4 1/2-1/2

[Event "SV Bochum-Linden 1 - SV Bottrop 1"]
[Site "Verbandsliga - Gruppe 1 2018/"]
[Date "2019.03.24"]
[Round "8.5"]
[White "Masberg, Stefan"]
[Black "Meyer, Torsten"]
[Result "1/2-1/2"]
[WhiteElo "1933"]
[BlackElo "1937"]
[PlyCount "24"]
[EventDate "2019.??.??"]

1. e4 g6 2. d4 Bg7 3. Nf3 d6 4. c4 Bg4 5. Be2 Nc6 6. Be3 e5 7. d5 Bxf3 8. Bxf3
Nd4 9. Nc3 c5 10. dxc6 bxc6 11. O-O Ne7 12. g3 O-O 1/2-1/2

[Event "SV Bochum-Linden 1 - SV Bottrop 1"]
[Site "Verbandsliga - Gruppe 1 2018/"]
[Date "2019.03.24"]
[Round "8.6"]
[White "Schmidt, Ralph"]
[Black "Gierse, Heinz-Dieter"]
[Result "1/2-1/2"]
[WhiteElo "1902"]
[BlackElo "1945"]
[PlyCount "55"]
[EventDate "2019.??.??"]

1. e4 d5 2. exd5 Nf6 3. Nc3 Nxd5 4. Bc4 Nf6 5. Nge2 Nc6 6. O-O e5 7. d3 Be7 8.
Ng3 O-O 9. Re1 Re8 10. Bb5 Nd7 11. Nf5 Bf8 12. Qg4 Kh8 13. Qf3 Nd4 14. Nxd4
exd4 15. Rxe8 Qxe8 16. Qe2 Qxe2 17. Nxe2 c5 18. Bc4 Kg8 19. Bd5 Bd6 20. Ng3 Nf6
21. Bf3 h6 22. Bd2 Be6 23. b3 Rb8 24. Ne2 Nd5 25. Bxd5 Bxd5 26. Bf4 Bxf4 27.
Nxf4 Bc6 28. Re1 1/2-1/2

[Event "SV Bochum-Linden 1 - SV Bottrop 1"]
[Site "Verbandsliga - Gruppe 1 2018/"]
[Date "2019.03.24"]
[Round "8.7"]
[White "Huestegge, Ulrich"]
[Black "Hochstein, Udo"]
[Result "1-0"]
[WhiteElo "1826"]
[BlackElo "1893"]
[PlyCount "117"]
[EventDate "2019.??.??"]

1. c4 Nf6 2. Nc3 g6 3. g3 Bg7 4. Bg2 O-O 5. e4 d6 6. Nge2 c5 7. O-O Nc6 8. d3
Ne8 9. f4 Nc7 10. f5 Ne5 11. h3 Rb8 12. Be3 Bd7 13. Qd2 b5 14. b3 b4 15. Nd5
Nxd5 16. cxd5 Bb5 17. Nf4 a5 18. Rad1 a4 19. Rf2 axb3 20. axb3 Bd7 21. g4 Ra8
22. Ne2 Qb8 23. d4 cxd4 24. Nxd4 Ra3 25. g5 Rc8 26. f6 Bf8 27. Qe1 Rc7 28. h4
Ng4 29. Rf3 Ra2 30. Bd2 Rb7 31. Bh3 exf6 32. gxf6 Ne5 33. Rg3 Bxh3 34. Rxh3 Qd8
35. Qf1 h5 36. Rg3 Kh7 37. Rg5 Qd7 38. Nf3 Ng4 39. e5 dxe5 40. Qd3 Kg8 41.
Rxg6+ Kh8 42. Rg5 Bc5+ 43. Kf1 Nxf6 44. Nxe5 Qd6 45. Qf5 Qa6+ 46. Nc4 Ra1 47.
Bc1 Be3 48. Rxh5+ Nxh5 49. Qxh5+ Kg8 50. Bxe3 Qf6+ 51. Ke2 Rxd1 52. Kxd1 Qa1+
53. Ke2 Rb5 54. Qg4+ Kf8 55. Bh6+ Ke7 56. d6+ Kd8 57. Qg8+ Kd7 58. Qxf7+ Kc6
59. Qe8+ 1-0

[Event "SV Bochum-Linden 1 - SV Bottrop 1"]
[Site "Verbandsliga - Gruppe 1 2018/"]
[Date "2019.03.24"]
[Round "8.8"]
[White "Pappert, Thomas"]
[Black "Skolarski, Hans-Georg"]
[Result "0-1"]
[WhiteElo "1766"]
[BlackElo "2114"]
[PlyCount "76"]
[EventDate "2019.??.??"]

1. c4 Nf6 2. Nc3 g6 3. e4 d6 4. d3 Bg7 5. f4 O-O 6. Nf3 c5 7. Be2 Nc6 8. O-O a6
9. h3 Rb8 10. a4 Ne8 11. Be3 Nd4 12. Rb1 Nc7 13. Bxd4 cxd4 14. Nd5 Nxd5 15.
cxd5 Bd7 16. b4 Rc8 17. b5 axb5 18. axb5 Qb6 19. Nd2 Rc5 20. Nc4 Rxc4 21. dxc4
d3+ 22. Kh1 dxe2 23. Qxe2 Rc8 24. e5 e6 25. Rfd1 dxe5 26. fxe5 exd5 27. cxd5
Re8 28. e6 fxe6 29. d6 Rd8 30. Rd2 Qc5 31. Rbd1 Qxb5 32. Qe3 Rf8 33. Rd3 Qe5
34. Qb6 Qe2 35. Qg1 Bh6 36. Qe1 Qxe1+ 37. Rxe1 Bc6 38. d7 Rd8 0-1